Juventus FC Squad 2015-2016 - Statistics

General Stats
  • This quiz has been taken 63 times
  • The average score is 20 of 28
Answer Stats
# Position Nation Player % Correct
1 GK Italy Gianluigi Buffon
98%
3 DF Italy Giorgio Chiellini
98%
19 DF Italy Leonardo Bonucci
96%
9 FW Spain Álvaro Morata
95%
10 MF France Paul Pogba
95%
16 FW Colombia Juan Cuadrado
89%
21 FW Argentina Paulo Dybala
89%
6 MF Germany Sami Khedira
89%
15 DF Italy Andrea Barzagli
87%
12 DF Brazil Alex Sandro
85%
8 MF Italy Claudio Marchisio
85%
22 MF Ghana Kwadwo Asamoah
82%
17 FW Croatia Mario Mandžukić
82%
- Coach Italy Massimiliano Allegri
82%
18 MF Gabon Mario Lemina
78%
26 DF Switzerland Stephan Lichtsteiner
78%
4 DF Uruguay Martín Cáceres
75%
25 GK Brazil Neto
75%
33 DF France Patrice Evra
73%
24 DF Italy Daniele Rugani
60%
37 MF Argentina Roberto Pereyra
56%
27 MF Italy Stefano Sturaro
53%
11 MF Brazil Hernanes
49%
34 GK Brazil Rubinho
45%
7 FW Italy Simone Zaza
42%
20 MF Italy Simone Padoin
38%
38 GK Italy Emil Audero
22%
40 MF Italy Mattia Vitale
4%
No matching quizzes found
Score Distribution
Percent of People with Each Score
Percentile by Number Answered
Your Score History
You have not taken this quiz